Volcano : (Record no. 5855)

MARC details
000 -LEADER
fixed length control field 00834nam a22002417a 4500
001 - CONTROL NUMBER
control field 5855
003 - CONTROL NUMBER IDENTIFIER
control field FISKH
005 - DATE AND TIME OF LATEST TRANSACTION
control field 20250530144006.0
008 - FIXED-LENGTH DATA ELEMENTS--GENERAL INFORMATION
fixed length control field 250124b cb ||||| |||| 00| 0 eng d
020 ## - INTERNATIONAL STANDARD BOOK NUMBER
International Standard Book Number 9780590489577
040 ## - CATALOGING SOURCE
Original cataloging agency FISKH
Language of cataloging eng
Transcribing agency FISKH
Modifying agency FISKH
050 ## - LIBRARY OF CONGRESS CALL NUMBER
Classification number QE523.S23
082 ## - DEWEY DECIMAL CLASSIFICATION NUMBER
Classification number 551.2
100 ## - MAIN ENTRY--PERSONAL NAME
Personal name Lauber, Patricia
245 ## - TITLE STATEMENT
Title Volcano :
Remainder of title The eruption and healing of Mount St. Helens /
Statement of responsibility, etc. by Patricia Lauber
260 ## - PUBLICATION, DISTRIBUTION, ETC.
Place of publication, distribution, etc. New York :
Name of publisher, distributor, etc. Scholastic ,
Date of publication, distribution, etc. 1986 .
300 ## - PHYSICAL DESCRIPTION
Extent 60 pages :
Other physical details color illustrations ;
Dimensions 27 cm .
520 ## - SUMMARY, ETC.
Summary, etc. An account of how and why Mount St. Helens erupted in May 1980 and the destruction it caused, and a discussion of the return of life to that area.
650 ## - SUBJECT ADDED ENTRY--TOPICAL TERM
Topical term or geographic name entry element earth science
Form subdivision non-fiction
700 ## - ADDED ENTRY--PERSONAL NAME
Personal name Frezzolini, Sylvia
Relator term Book designer
942 ## - ADDED ENTRY ELEMENTS (KOHA)
Source of classification or shelving scheme Dewey Decimal Classification
Koha item type Books
Suppress in OPAC No
Holdings
Withdrawn status Lost status Source of classification or shelving scheme Damaged status Not for loan Collection Home library Current library Shelving location Date acquired Total Checkouts Full call number Barcode Date last seen Copy number Price effective from Koha item type
    Dewey Decimal Classification     Non-Fiction Footprints International School Library Network Toul Kork Campus Footprints International School Library Network Toul Kork Campus A TK Campus, 4th Floor, Room B401, Non-Fiction Bookcases(7-8) 05/30/2025   LAU 551.2 QE523.S23 FISTK04927 05/30/2025 2 05/30/2025 Books
    Dewey Decimal Classification     Non-Fiction Footprints International School Library Network Toul Tom Poung Campus Footprints International School Library Network Toul Tom Poung Campus TTP Secondary Non-Fiction Bookshelves 01/24/2025   LAU 551.2 QE523.S23 FISSE00860 01/24/2025 1 01/24/2025 Books